000 00339nam a2200145Ia 4500
008 240624s9999 xx 000 0 und d
041 _aeng
082 _a330 HAR
100 _aHARVEY JACK
245 _aMODERN ECONOMICS
250 _a(7th ed.)
260 _c2005
_aNew York
_bPalgrave
300 _axvii, : 548p. ; 22cm.
365 _cRS
_b30
999 _c4717
_d4717